| 000 | 00997cab a2200229 4500 | ||
|---|---|---|---|
| 001 | E2185 | ||
| 008 | 090401t1995 xxu||||| |||| 00| 0 eng d | ||
| 035 | _a(Sirsi) u37966 | ||
| 041 | _aeng | ||
| 245 | _aOgilvie Builders Ltd v City of Glasgow District Council | ||
| 260 | _c1995 | ||
| 350 | _a0 | ||
| 490 |
_aScots Law Times _v1995 SLT 15-24(10) |
||
| 520 | _aOuter House. Lord Abernethy. 4 March 1994. Contract - building contract - construction - claim for "direct loss and/or expense" following on disruption of contract works - whether finance charges recoverable on breach of contract - Standard Form of Building Contract, Local Authorities Edition with Quantities (1980 edition), cl 26.1. | ||
| 650 | _aBUILT ENVIRONMENT-BUILDING CONTRACT FORMS | ||
| 650 | _aDIRECT LOSS AND/OR EXPENSE | ||
| 650 | _aSTANDARD FORM OF BUILDING CONTRACT | ||
| 690 | _aBUILDING AND CONSTRUCTION-CASE LAW | ||
| 690 | _aBUILT ENVIRONMENT-BUILDING CONTRACT FORMS | ||
| 942 | _n0 | ||
| 948 | _c04/03/1997 | ||
| 999 |
_c24408 _d24408 |
||